Sur quel continent se déroule cet univers de fiction? - Statistiques

Statistiques générales
  • Ce quiz a été pris 26 fois
  • Le résultat moyen est 3 sur 9
Statistiques - réponses
Univers Continent % Correct
Game of Thrones Westeros
83%
Le Seigneur des Anneaux Terre du Milieu
75%
1984 Eurasia
33%
One Piece Red Line
29%
The Elder Scrolls Tamriel
25%
Fairy Tail Ishgar
4%
Sonic Empire City
0%
World of Warcraft Royaumes de l'Est
0%
Hunter X Hunter Yorubian
0%
Aucun quiz correspondant
Distribution des résultats
% des personnes avec chaque résultat
Percentile par nombre de réponses
Votre historique - résultats
Vous n’avez pas pris ce quiz